000 00630nam a2200217 a 4500
003 MX-MxUPN
005 20240925065022.0
008 991125s1947 xxu r 000 0 eng d
035 _aUPN01000036176
040 _aMX-MxUPN
_bspa
_cMX-MxUPN
041 0 _aeng
050 1 4 _aBJ45
_bF75
100 1 _aFromm, Erich,
_d1900-1980
_928370
245 1 0 _aMan for himself :
_ban inquiry into the psychology of ethics
260 _aEstados Unidos :
_bFawcett Premier Book,
_c1947.
300 _a256 páginas
490 0 _aFawcett world library. Psychology
650 4 _aÉtica
_912720
650 4 _aPsicología
_938
942 _2lcc
_cLIBRO
999 _c36176
_d36176